000 00437nam a2200157 i 4500
001 23491
003 ES-MaACL
007 t|
008 021210s1975 sp ||||1| spa d
100 1 _aAller, Ramón María.
_920028
245 1 3 _aLa política en la Universidad española /
_cRamón María Aller.
250 _a[1ª ed.].
260 _a[Madrid] :
_bDoncel,
_c[1975]
300 _a232 p. ;
_c18 cm.
852 _aES-MaACL
_j8758
_bR.93358
999 _c23491
_d23491